All the cities of Kazakhstan - Statistics

General Stats
  • This quiz has been taken 35 times
  • The average score is 23 of 89
Answer Stats
Region City % Correct
A city of national importance Astana
100%
Aktobe Region Aktobe
93%
Atyrau Region Atyrau
90%
Karaganda Region Karaganda
87%
Pavlodar Region Pavlodar
83%
A city of national importance Almatу/Alma-Ata/Almata
80%
Qyzylorda Region Kyzylorda/Qyzylorda
80%
A city of national importance Shymkent
80%
Kostanay Region Kostanay
77%
Mangystau Region Aktau
73%
Turkistan Region Turkistan
70%
North Kazakhstan Region Petropavl
67%
East Kazakhstan Region Oskemen
63%
Qyzylorda Region Baikonur
60%
West Kazakhstan Region Oral
60%
Jambyl Region Taraz
57%
Abai Region Semey
53%
Karaganda Region Abay/Abai
50%
Aktobe Region Temir
50%
Karaganda region Temirtau
50%
Aqmola Region Kokshetau
47%
Jetisu Region Taldykorgan
43%
East Kazakhstan Region Ridder
40%
Pavlodar Region Ekibastuz
37%
Mangystau Region Zhanaozen
37%
Ulytau Region Zhezkazgan
37%
Turkistan Region Kentau
33%
Pavlodar Region Aksu
30%
Kostanay Region Rudny
30%
Qyzylorda Region Aral
27%
Kostanay Region Arkalyk
27%
Almaty Region Qonayev/Konaev
27%
Almaty Region Talgar
27%
Jambyl Region Shu
23%
West Kazakhstan Region Aksay
20%
Karagaganda Region Balkhash
20%
Almaty Region Kaskelen
20%
Aqmola oblast Stepnogorsk
20%
East Kazakhstan Region Altai
17%
Turkistan Region Arys
17%
Abai Region Ayagoz
17%
Aktobe Region Shalkar
17%
Almata Region Esik
13%
Aktobe Region Khromtau
13%
Atyrau Region Kulsary
13%
Karaganda Region Shakhtinsk
13%
Aqmola Region Esil
10%
Mangystau Region Fort-Shevchenko
10%
Jambyl Region Karatau
10%
Kostanay Region Lisakovsk
10%
Karaganda Region Saran
10%
Jetisu Region Sarkand
10%
Turkistan Region Saryagash
10%
Ulytau Region Satbayev
10%
Jetisu Region Ushtobe
10%
East Kazakhstan Region Zaisan
10%
Turkistan Region Zhetisay
10%
Aktobe Region Alga
7%
Aqmola Region Atbasar
7%
Aktobe Region Emba
7%
Qyzylorda Region Kazaly/Kazalinsk
7%
Aqmola Region Koshy
7%
Abai Region Kurchatov
7%
Turkistan Region Lenger
7%
Turkistan Region Shardara
7%
Aqmola Region Shchuchinsk
7%
Jetisu Region Jarkent
3%
Kostanay Region Jitiqara/Zhitikara
3%
Aktobe Region Kandyagash
3%
Aqmola Region Makinsk
3%
North Kazakhstan Region Mamlyut
3%
Karaganda Region Priozersk
3%
Jetisu Region Tekeli
3%
Jetisu Region Usharal
3%
Aqmola Region Yereymentau
3%
Aktobe Region Zhem
3%
Aqmola Region Aqkol/Akkol
0%
North Kazakhstan Region Bulayevo
0%
Abai Region Charsk
0%
Jambyl Region Janatas
0%
Ulytau Region Karazhal
0%
Karaganda Region Karkaraly
0%
Aqmola Region Kenesary/Derzhavinsk
0%
East Kazakhstan Region Serebryansk
0%
North Kazakhstan Region Sergeyev/Sergeyevka
0%
East Kazakhstan Region Shemonaikha
0%
Aqmola Region Stepnyak
0%
North Kazakhstan Region Taiynsha
0%
Kostanay Region Tobyl
0%
No matching quizzes found
Score Distribution
Percent of People with Each Score
Percentile by Number Answered
Your Score History
You have not taken this quiz